Plant growth

Bibliographic Details
Main Author: Spilsbury, Louise
Format: Book
Published: London : Heineman Library , 2003
Series:The life of plants
Subjects:

MARC

LEADER 00000cam a2200000 7i4500
001 0000005551
005 20151222.0
008 070807
020 |a 0431118817 
090 0 0 |a NH   |b ENG 
100 1 |a Spilsbury, Louise 
245 1 0 |a Plant growth   |c Louise Spilsbury 
260 |a London :   |b Heineman Library ,   |c 2003 
440 0 |a The life of plants 
500 |a Children ages 10-12 years old (pink) 
650 0 |a Plant   |x Growth   |x juvenile literature 
999 |a 0000926526   |b Book   |c Children Collection   |e Cawangan Bukit Gambir 
999 |a 0000937699   |b Book   |c Children Collection   |e Cawangan Tangkak 
999 |a 0000979933   |b Book   |c Children Collection   |e Perbadanan Perpustakaan Awam Johor 
999 |a 0000979934   |b Book   |c Children Collection   |e Cawangan Taman Universiti 
999 |a 0000979935   |b Book   |c Children Collection   |e Cawangan Tangkak 
999 |a 0000979936   |b Book   |c Children Collection   |e Cawangan Kota Tinggi 
999 |a 0000979937   |b Book   |c Children Collection   |e Perbadanan Perpustakaan Awam Johor